| 000 | 00487nam a2200145Ia 4500 | ||
|---|---|---|---|
| 008 | 170224s9999 xx 000 0 und d | ||
| 100 | _aMaarten Corten | ||
| 245 | 4 | _aThe demand for auditor services in wholly family-owned private firms: the moderating role of generation | |
| 245 | _cMaarten Corten, Tensie Steijvers & Nadine Lybaert | ||
| 260 | _bAccounting and Business Research | ||
| 260 | _c2015 | ||
| 300 | _a45:1, pages 1-26 | ||
| 650 | _xAccountancy | ||
| 650 | _xAccounting | ||
| 999 |
_c316089 _d316089 |
||